Open Data Biblioteca Nacional de Portugal


República Portuguesa: Ministério da Cultura
Biblioteca Nacional de Portugal

Catálogo da BNP: acesso por Identificadores Unívocos
Registos Bibliográficos associados ao registo de autoridade

Etiqueta de registo: 00254nam 2200025 450
001 2284202
003 http://id.bnportugal.gov.pt/bib/catbnp/2284202
100 ## $a20260413d2025 k y0pory01030103ba
101 0# $apor$dfre$deng
102 ## $aPT
105 ## $aa m 000yy
106 ## $ar
200 1# $aDo "sem ter" à Fundação de Amparo ao Menor - Fundanor$eeducação e formação nas memórias de infância e juventude de adultos autrora institucionalizados (1978-2015)$fJosé Cícero Pinto dos Santos$gorient. Margarida Maria Pereira dos Santos Louro de Felgueiras, Elisabete Maria Soares Ferreira
210 #9 $aPorto$c[s.n.],$d2025
215 ## $a480, [1] p.$cil.$d30 cm
328 #1 $aTese dout. Ciências da Educação, Faculdade de Psicologia e de Ciências da Educação, Universidade do Porto, 2025
700 #1 $aSantos,$bJosé Cícero Pinto dos$31995482
702 #1 $aFerreira,$bElisabete,$f1963-$4727$31377906
702 #1 $aFelgueiras,$bMargarida Louro,$f1951-$4727$3171314
801 #0 $aPT$bBN$gRPC
966 ## $lBN$mFGMON$x1
971 ## $ccsilva$d20260413

OpendataBNP@bnportugal.pt | Mais informação sobre acesso aos dados BNP